000 00770nam a2200193 i 4500
001 156720
003 ES-MaACL
005 20230906210500.0
008 040831s1894 sp |||| | spa d
100 1 _aLa Madelaine, Stephen de.
_9128517
245 1 3 _aEl cura de aldea /
_cpor Estephen de la Madelaine ; novela traducida de la séptima edición francesa por J.R.
250 _a2ª ed.
260 _aBarcelona :
_bImp. y librería de Subirana hermanos,
_c1894.
300 _a269 p. ;
_c18 cm.
490 1 _aBiblioteca escogida de la juventud ;
_v21
830 0 _aBiblioteca escogida de la juventud ;
_v21
_9221712
852 _aES-MaACL
_jD-3758
_z- Enc. editorial en tela
_z. - Legado M. de la Fuente
_z. - Ex-libris de Antonio Vigil Vega
999 _c156720
_d156720